Top 10 NBA Players From Draft Picks (Picks 1-4 + Undrafted) - Statistics

General Stats
  • This quiz has been taken 313 times
  • The average score is 17 of 40
Answer Stats
Pick Year Player Name % Correct
1 2003 LeBron James
92%
3 1984 Michael Jordan
89%
1 1979 Magic Johnson
80%
1 1984 Hakeem Olajuwon
77%
1 1996 Allen Iverson
73%
1 1992 Shaquille O'Neal
73%
1 1997 Tim Duncan
73%
2 2007 Kevin Durant
72%
3 2003 Carmelo Anthony
71%
2 1956 Bill Russell
63%
2 1960 Jerry West
63%
1 1969 Kareem Abdul-Jabbar
63%
4 2003 Chris Bosh
62%
1 1985 Patrick Ewing
59%
1 1987 David Robinson
56%
4 2008 Russell Westbrook
49%
4 2004 Chris Paul
48%
3 1950 Bob Cousy
38%
2 1994 Jason Kidd
38%
2 1954 Bob Pettit
34%
2 1981 Isiah Thomas
34%
1 1974 Bill Walton
32%
3 1980 Kevin McHale
29%
2 1990 Gary Payton
28%
3 2001 Pau Gasol
28%
3 1982 Dominique Wilkins
27%
2 1992 Alonzo Mourning
24%
3 1994 Grant Hill
24%
3 2005 Deron Williams
23%
2 1972 Bob McAdoo
21%
3 1970 Pete Maravich
20%
4 1995 Rasheed Wallace
19%
3 1997 Chauncey Billups
18%
4 1991 Dikembe Mutombo
15%
2 1967 Earl Monroe
13%
4 1996 Stephon Marbury
12%
4 1989 Glen Rice
10%
4 1983 Byron Scott
6%
4 1999 Lamar Odom
6%
4 1993 Jamal Mashburn
5%
No matching quizzes found
Score Distribution
Percent of People with Each Score
Percentile by Number Answered
Your Score History
You have not taken this quiz